LEADER 00889nam0-22002771i-450- 001 990004932890403321 005 19990530 035 $a000493289 035 $aFED01000493289 035 $a(Aleph)000493289FED01 035 $a000493289 100 $a19990530g19619999km-y0itay50------ba 101 0 $aita 105 $ay---c---00--- 200 1 $aAncients and moderns$eA study of the rise of the Scientific Movement in seventeeth-century England, with an index, new preface, and minor revisions$fby Richard foster Jones 205 $a2.nd ed. 210 $aSt. Louis$cWashington University Press$d1961. 215 $aXII, 354 p.$d24 cm 700 1$aJones,$bRichard Foster$0169861 801 0$aIT$bUNINA$gRICA$2UNIMARC 901 $aBK 912 $a990004932890403321 952 $aJ 21$bFil. Mod. 10280$fFLFBC 959 $aFLFBC 996 $aAncients and moderns$9174524 997 $aUNINA LEADER 01012nam--2200337---450- 001 990002983320203316 005 20071005103644.0 035 $a000298332 035 $aUSA01000298332 035 $a(ALEPH)000298332USA01 035 $a000298332 100 $a20071005d2002----km-y0itay50------ba 101 $aita 102 $aIT 105 $a||||||||001yy 200 1 $aRadiation protection in space$fM. Durante 210 $aBologna$cSocietā italiana di fisica$d2002 215 $a70 p.$d24 cm 225 2 $a<> rivista del nuovo cimento della Societā iraliana di fisica 606 0 $aRadiazioni stellari$xProtezione 676 $a523.0192 700 1$aDURANTE,$bM.$0598569 801 0$aIT$bsalbc$gISBD 912 $a990002983320203316 951 $a523.0192 DUR$b15289 E.C.$c523.0192$d00159041 959 $aBK 969 $aTEC 979 $aCHIARA$b90$c20071005$lUSA01$h1031 979 $aCHIARA$b90$c20071005$lUSA01$h1036 996 $aRadiation protection in space$91028287 997 $aUNISA